| 000 | 00000nas##2200000za#4500 |
| 001 | 9.508717 |
| 003 | CaOODSP |
| 005 | 20200325101536 |
| 007 | ta |
| 008 | 150406c1998||||xxc|| p #||||f| |0fre|d |
| 022 | |a1187-6301 |
| 040 | |aCaOODSP|bfre |
| 041 | |aeng |
| 041 | |afre |
| 043 | |an-cn--- |
| 086 | 1 |aSN2-11 |
| 110 | 1 |aCanada.|bBibliothèque nationale du Canada. |
| 245 | 10|aLivres à paraître : |bun produit du Programme canadien de catalogage avant publication |
| 260 | |aOttawa - Ontario : |bBibliothèque nationale du Canada |
| 310 | |aMensuel |
| 362 | 1 |a(Juin 1987)-(decembre 2003) |
| 500 | |a«Cette liste est préparée par la Bibliothèque nationale du Canada, qui coordonne le programme canadien du CIP (Catalogage avant publication). Le CIP fournit de l'information sur les livres de tous les éditeurs canadiens avant même leur publication, ce qui permet aux bibliothécaires et aux libraires de choisir, d'acheter et de cataloguer ces ouvrages.»--Page 1. «Livres à paraître est distribué par Quill and Quire à Toronto et Livre d'ici à Montréal.»--Page 1. |
| 520 | 3 |aCette liste est préparée par la Bibliothèque nationale du Canada, qui coordonne le programme canadien du CIP (Catalogage avant publication). Le CIP fournit de l'information sur les livres de tous les éditeurs canadiens avant même leur publication, ce qui permet aux bibliothécaires et aux libraires de choisir, d'acheter et de cataloguer ces ouvrages.--Page 1 Livres à paraître est distribué par Quill and Quire à Toronto et Livre d'ici à Montréal.--Page 1 |
| 546 | |aBilingue |
| 563 | |aJournal |
| 691 | 07|aCatalogue|2gcpds |
| 691 | 07|aÉdition|2gcpds |
| 691 | 07|aLivre|2gcpds |
| 776 | 0#|tForthcoming books |w(CaOODSP)9.500111 |
| 791 | |tForthcoming books : |eeng|w(CaOODSP)9.508716 |